<?xml version="1.0" encoding="UTF-8"?>
<record
    xmlns:xsi="http://www.w3.org/2001/XMLSchema-instance"
    xsi:schemaLocation="http://www.loc.gov/MARC21/slim http://www.loc.gov/standards/marcxml/schema/MARC21slim.xsd"
    xmlns="http://www.loc.gov/MARC21/slim">

  <leader>01221nab a2200241 i 4500</leader>
  <controlfield tag="001">768714001</controlfield>
  <controlfield tag="003">CO-MdFUSB</controlfield>
  <controlfield tag="005">20240620100324.0</controlfield>
  <controlfield tag="008">240620t1983    us ||||| |||| 00| 0 eng d</controlfield>
  <datafield tag="040" ind1=" " ind2=" ">
    <subfield code="b">spa</subfield>
    <subfield code="c">CO-MdFUSB</subfield>
    <subfield code="d">CO-MdFUSB</subfield>
  </datafield>
  <datafield tag="041" ind1=" " ind2=" ">
    <subfield code="a">eng</subfield>
  </datafield>
  <datafield tag="100" ind1=" " ind2=" ">
    <subfield code="a">Peck, Jane Cary, </subfield>
    <subfield code="d">1932- &#x200E; </subfield>
    <subfield code="e">autor</subfield>
  </datafield>
  <datafield tag="245" ind1="1" ind2="3">
    <subfield code="a">The church of the poor:</subfield>
    <subfield code="b">church of life </subfield>
    <subfield code="c">/ Jane Cary Peck</subfield>
  </datafield>
  <datafield tag="520" ind1=" " ind2=" ">
    <subfield code="a">Mientras los cristianos de todo el mundo comienzan a reflexionar sobre el tema "S&#xED;, Cristo, la vida del mundo" en preparaci&#xF3;n para la Asamblea del Consejo Mundial de Iglesias de 1983, tengo presente particularmente lo que se llama la Iglesia de los Pobres en Am&#xE9;rica Latina.  Como Cuerpo de Cristo en medio de una sociedad de muerte, esta iglesia anuncia y celebra la Buena Nueva del Dios de la vida y vive ministerios de esperanza.</subfield>
  </datafield>
  <datafield tag="546" ind1=" " ind2=" ">
    <subfield code="a">Texto en ingl&#xE9;s.</subfield>
  </datafield>
  <datafield tag="650" ind1=" " ind2="7">
    <subfield code="a">Cristolog&#xED;a</subfield>
    <subfield code="9">239</subfield>
  </datafield>
  <datafield tag="650" ind1=" " ind2="0">
    <subfield code="a">Iglesia y problemas sociales</subfield>
    <subfield code="9">1177</subfield>
  </datafield>
  <datafield tag="650" ind1=" " ind2="0">
    <subfield code="a">Predicaci&#xF3;n</subfield>
    <subfield code="9">54</subfield>
  </datafield>
  <datafield tag="650" ind1=" " ind2="0">
    <subfield code="a">Misiones</subfield>
    <subfield code="9">154</subfield>
  </datafield>
  <datafield tag="773" ind1="0" ind2=" ">
    <subfield code="0">49486</subfield>
    <subfield code="9">61132</subfield>
    <subfield code="d"> Pasadena</subfield>
    <subfield code="o">R0882</subfield>
    <subfield code="t">Missiology:</subfield>
    <subfield code="w">(CO-MdFUSB)97</subfield>
    <subfield code="g">Volumen 11, (n&#xFA;mero1, 1983) p&#xE1;ginas: 31 - 46</subfield>
    <subfield code="q">p&#xE1;gina: 31</subfield>
  </datafield>
  <datafield tag="942" ind1=" " ind2=" ">
    <subfield code="c">ANA</subfield>
  </datafield>
  <datafield tag="945" ind1=" " ind2=" ">
    <subfield code="a">Catherine Arias &#xC1;lvarez - Practicante SENA</subfield>
  </datafield>
  <datafield tag="999" ind1=" " ind2=" ">
    <subfield code="c">70305</subfield>
    <subfield code="d">70305</subfield>
  </datafield>
</record>
